header

English postcoloniality (Record no. 6703)

MARC details
000 -LEADER
fixed length control field 01601nam a2200373 a 4500
001 - CONTROL NUMBER
control field ebr5007296
003 - CONTROL NUMBER IDENTIFIER
control field CaPaEBR
006 - FIXED-LENGTH DATA ELEMENTS--ADDITIONAL MATERIAL CHARACTERISTICS--GENERAL INFORMATION
fixed length control field m u
007 - PHYSICAL DESCRIPTION FIXED FIELD--GENERAL INFORMATION
fixed length control field cr cn|||||||||
008 - FIXED-LENGTH DATA ELEMENTS--GENERAL INFORMATION
fixed length control field 950627s1996 ctu sb 001 0 eng
010 ## - LIBRARY OF CONGRESS CONTROL NUMBER
Canceled/invalid LC control number 95033071
020 ## - INTERNATIONAL STANDARD BOOK NUMBER
Cancelled/invalid ISBN 0313288542 (alk. paper)
040 ## - CATALOGING SOURCE
Original cataloging agency CaPaEBR
Transcribing agency CaPaEBR
035 ## - SYSTEM CONTROL NUMBER
System control number (OCoLC)55690443
050 14 - LIBRARY OF CONGRESS CALL NUMBER
Classification number PR9080
Item number .E55 1996eb
082 04 - DEWEY DECIMAL CLASSIFICATION NUMBER
Classification number 820.9/9171241
Edition number 20
245 00 - TITLE STATEMENT
Title English postcoloniality
Medium [electronic resource] :
Remainder of title literatures from around the world /
Statement of responsibility, etc edited by Radhika Mohanram and Gita Rajan.
260 ## - PUBLICATION, DISTRIBUTION, ETC. (IMPRINT)
Place of publication, distribution, etc Westport, Conn. :
Name of publisher, distributor, etc Greenwood Press,
Date of publication, distribution, etc 1996.
300 ## - PHYSICAL DESCRIPTION
Extent viii, 216 p.
490 1# - SERIES STATEMENT
Series statement Contributions to the study of world literature,
International Standard Serial Number 0738-9345 ;
Volume number/sequential designation no. 66
504 ## - BIBLIOGRAPHY, ETC. NOTE
Bibliography, etc Includes bibliographical references (p. [203]-206) and index.
533 ## - REPRODUCTION NOTE
Type of reproduction Electronic reproduction.
Place of reproduction Palo Alto, Calif. :
Agency responsible for reproduction ebrary,
Date of reproduction 2013.
Note about reproduction Available via World Wide Web.
-- Access may be limited to ebrary affiliated libraries.
650 #0 - SUBJECT ADDED ENTRY--TOPICAL TERM
Topical term or geographic name as entry element Commonwealth literature (English)
General subdivision History and criticism.
Topical term or geographic name as entry element Indigenous peoples in literature.
Topical term or geographic name as entry element Decolonization in literature.
651 #0 - SUBJECT ADDED ENTRY--GEOGRAPHIC NAME
Geographic name Commonwealth countries
General subdivision In literature.
Geographic name Developing countries
General subdivision In literature.
655 #7 - INDEX TERM--GENRE/FORM
Genre/form data or focus term Electronic books.
Source of term local
700 1# - ADDED ENTRY--PERSONAL NAME
Personal name Mohanram, Radhika.
Personal name Gita Rajan,
Dates associated with a name 1952-
710 2# - ADDED ENTRY--CORPORATE NAME
Corporate name or jurisdiction name as entry element ebrary, Inc.
830 #0 - SERIES ADDED ENTRY--UNIFORM TITLE
Uniform title Contributions to the study of world literature ;
Volume number/sequential designation no. 66.
856 40 - ELECTRONIC LOCATION AND ACCESS
Uniform Resource Identifier <a href="http://site.ebrary.com/lib/rucke/Doc?id=5007296">http://site.ebrary.com/lib/rucke/Doc?id=5007296</a>
Public note An electronic book accessible through the World Wide Web; click to view

No items available.

© 2026 Rongo University
Contact us: librarian | system librarian | Rongo university